Paquita Salas - Estadísticas

Estadísticas generales
  • Esta prueba ha sido intentada 64 veces
  • La puntuación promedio es 45 de 61
Estadísticas de respuestas
Respuesta % Correcto
Paquita
98%
Paquita
98%
Paquita
98%
Paquita!
98%
Paquita!
98%
Paquita.
98%
Ay,
92%
más,
90%
más
90%
pena,
88%
un
88%
una
88%
una
88%
ciudad.
85%
la
85%
quiere
85%
si
85%
tiene
85%
su
83%
su
83%
su
83%
bonita,
81%
el
81%
maneja
81%
maneja
81%
mundo
81%
niña
81%
por
81%
que
81%
supiera
81%
con
79%
forma
79%
Señora,
79%
y
79%
Y
79%
andar.
77%
de
77%
andando
71%
montera,
71%
es
69%
fácil
69%
llegar.
69%
dice
67%
mucho
65%
te
65%
te
65%
mente
63%
prodigio
60%
quieren,
60%
Todos
60%
todos
60%
visita.
60%
usted
58%
buscan,
56%
suerte
54%
pasión,
52%
quién
50%
Consígame
48%
tesón,
44%
¡Ay,
19%
¡ay,
19%
No se encontraron pruebas coincidentes
Distribución de puntuación
Porcentaje de gente con cada puntuación
Porcentaje por número respondido
Historial de tus puntuaciones
No has intentado esta prueba.